|
|
|
|
| LEADER |
01245nam a2200277 a 4500 |
| 001 |
12727781 |
| 008 |
100314s2003 njua b 001 0 eng d |
| 010 |
|
|
|a \\2002066298
|
| 020 |
|
|
|a 0130671002
|
| 020 |
|
|
|a 0131103016
|
| 040 |
|
|
|a DLC
|c DLC
|d DLC
|d BD-DhAAL
|
| 082 |
0 |
0 |
|a 339
|2 21
|
| 100 |
1 |
|
|a Blanchard, Olivier
|q (Olivier J.)
|
| 245 |
1 |
0 |
|a Macroeconomics /
|c Olivier Blanchard.
|
| 250 |
|
|
|a 3rd ed.
|
| 260 |
|
|
|a Upper Saddle River, N.J. :
|b Prentice Hall,
|c c2003.
|
| 300 |
|
|
|a 1 v. (various pagings) :
|b col. ill. ;
|c 22 cm.
|
| 490 |
0 |
|
|a Prentice-Hall series in economics
|
| 504 |
|
|
|a Includes bibliographical references and index.
|
| 541 |
1 |
|
|e 00013435
|
| 650 |
|
0 |
|a Macroeconomics.
|
| 852 |
4 |
|
|a Ayesha Abed Library
|j General Shelf
|
| 999 |
|
|
|c 7783
|d 7783
|
| 952 |
|
|
|0 0
|1 0
|2 ddc
|4 1
|6 339_000000000000000_BLA
|7 0
|9 8619
|a BRACUL
|b BRACUL
|c SPS
|d 2010-03-16
|g 140.00
|l 4
|m 39
|o 339 BLA
|p 3010013435
|r 2014-11-09
|s 2014-10-21
|t 1
|w 2010-03-16
|y BK
|
| 952 |
|
|
|0 0
|1 0
|2 ddc
|4 1
|6 339_000000000000000_BLA
|7 0
|9 10246
|a BRACUL
|b BRACUL
|c SPS
|d 2010-05-17
|g 140.00
|l 0
|o 339 BLA
|p 3010013434
|r 2010-05-17
|t 2
|w 2010-05-17
|y BK
|
| 952 |
|
|
|0 0
|1 0
|2 ddc
|4 1
|6 339_000000000000000_BLA
|7 0
|9 17871
|a BRACUL
|b BRACUL
|c SPS
|d 2011-08-18
|g 140.00
|l 0
|o 339 BLA
|p 3010013436
|r 2011-08-18
|t 3
|w 2011-08-18
|y BK
|